| 000 | 00558 a2200169 4500 | ||
|---|---|---|---|
| 999 |
_c7393 _d7393 |
||
| 010 | _aENG-87976 | ||
| 020 |
_a9788189981006 _c395.00 |
||
| 035 | _aEN-71509 | ||
| 037 | _bDBAD / PUB | ||
| 082 | 1 | 4 | _a801.9 |
| 100 | 1 | _aLewes, G. Henry | |
| 245 | 1 |
_aThe principles of success in literature / _cby G. Henry Lewes |
|
| 260 |
_aDelhi _bSwastik Publishers & Distributors _c2007 |
||
| 270 |
_a31, Gali No.1, A-Block, Pocket-5, CRP Water Tank, Sonia Vihar _bDelhi _e110 094 |
||
| 300 |
_av, 125 p. _c22 cm. (HB) |
||
| 942 |
_adpl _cEN _2ddc _h801.9 _mLEW |
||